00784 a2200157 45000010006000000050017000060080041000230030015000640400040000790800096001192450056002152640039002713000019003105050259003291000038005885383320260407155809.0260407a1968 arg spa dAR-UNSa-BCEJYS aAR-UNSa-BCEJYSbspacAR-UNSa-BCEJYS a330.342xNivel de desarrollo. Grados del desarrollo de la economía. Sistemas económicos10aLa asignación optima de los recursos económicos 1aBarcelona :bEdiciones Arielc1968 a307 p.c24 cm. aI. Asignación del programa y evaluación de la producción - II. Realización del programa máximo para unos recursos dados.Evaluación de los factores de producción - III. Ampliación de la capacidad de producción.Eficacia de las inversiones1 aKantorovich, Leonid Vitálievich